000 00777nam a2200253 a 4500
001 61149
003 BD-RjUL
005 20211209080928.0
008 170115s1981 njua 001 0 eng d
020 _a0876241062 :
_c$39.50
035 _a(BD-RjUL)61273
040 _aBD-RjUL
_cBD-RjUL
_dBD-RjUL
_beng
041 _aeng
082 0 0 _a658.1552
_223
_bCHC 1981
100 1 _aCheatham, Carole.
_9182457
245 1 0 _aCost management for profit centers /
_cCarole Cheatham.
260 _aEnglewood Cliffs, N.J. :
_bInstitute for Business Planning,
_cc1981.
300 _axi, 247 p. :
_bill. ;
_c29 cm.
500 _aIncludes index.
650 0 _aCost control.
_9175273
650 0 _aCost accounting.
_9176383
650 0 _aSmall business
_xManagement.
_9175341
942 _2ddc
_cBK
999 _c61149
_d61149